| 000 | 00783nam a2200181 a 4500 | ||
|---|---|---|---|
| 008 | 120416s1996 ||||||||||||||||| || u | ||
| 020 | _a0662247027 | ||
| 050 | _aIAIA (02) | ||
| 110 | _aInternational Association for Impact Assessment(IAIA) | ||
| 245 | 1 | 0 | _aEnvironmental assessment in a changing world: evaluating practice to improve performance |
| 260 |
_aCanada: _bMinister of Supply and Services Canada _c1996 |
||
| 300 | _a248p. : ill. | ||
| 350 | _a0.00 | ||
| 500 | _aInternational study of the effectiveness of environmental assessment: final report | ||
| 650 | _aENVIRONMENTAL RISK ASSESSMENT | ||
| 650 | _aENVIRONMENT | ||
| 995 |
_D0.00 _FCBU-MAIN LIBRARY (Kitwe) _H1 _I0.00 _M1 _UAVAILABLE _ZInternational Publications |
||
| 999 |
_c42178 _d42178 |
||